Quizzes
Events
Quiz Creation
Community
Videos
Private Events
Remove Ads
Sign In
Join for FREE
Feedback
Dark Mode
Quiz Categories
Sports
Geography
Music
Movies
Television
Just For Fun
Miscellaneous
History
Literature
Language
Science
Gaming
Entertainment
Religion
Holiday
For Kids
Quiz Lab
Recent
Popular Today
Quiz Kudos Today
Editor Picks
Curator Picks
Quizzes by...
Day
Popularity
Type
Ratings
Length
Year
Community
Subscriptions
Recent Discussions
Orange Saloon
Badges
Playlists
Quests
Create
Leaderboards
Showdown
Live 5
Trivia Bingo
Activity
Puzzle Library
Sporcle Events
Private Events
Virtual Trivia
Globe League
Become a Host
Pub Owners
SporcleCon
Opinionation
Our Games
Videos
Blog
Mobile Apps
Partnerships
Remove Ads and Go Orange
Feedback
Entertainment
Celebrity
Famous
Musical
Broadway
Show
Quote
Comic Books
Anime
Superhero
DC Comics
Marvel
Cartoons
Animation
Entertainment
Celebrity
Famous
Musical
Broadway
Show
Quote
Comic Books
Anime
Superhero
DC Comics
Marvel
Cartoons
Animation
Random Quiz
Search Sporcle
×
Quiz Lab
Quiz Lab
Entertainment
War
Type in answers that appear in a list
Type in answers that appear in a list
Classic
Best Score? Go Orange.
Avengers: Infinity War Part One Cast Stats
Can you name the Avengers: Infinity War Part One Cast?
By
JediKid
5m
39 Questions
410 Plays
410 Plays
410 Plays
Comments
Comments
Give Quiz Kudos
Give Quiz Kudos
-
- Ratings
hide this ad
Replay
Link that replays current quiz
Next Quiz
Link to next quiz in quiz playlist
You Got
0%
They Got
Avg Score
55%
Avg Friend Score
Upgrade to see
Score Distribution
Jump to the score distribution portion of the page
Score
0/39
Timer
05:00
0
Plays Today
Hint
Answer
% Correct
Thor
Chris Hemsworth
100%
Steve Rogers
Chris Evans
97.9%
Tony Stark/
Iron Man
Robert Downey Jr.
96.4%
Bruce Banner/
Hulk
Mark Ruffalo
95.7%
Peter Parker/
Spider-
Man
Tom Holland
94.3%
Doctor Stephen Strange
Benedict Cumberbatch
93.6%
Natasha Romanoff/
Black Widow
Scarlett Johansson
88.7%
Loki
Tom Hiddleston
87.9%
Bucky Barnes/
White Wolf
Sebastian Stan
86.5%
King T'Challa/
Black Panther
Chadwick Boseman
85.1%
Gamora
Zoe Saldana
84.4%
James 'Rhodey' Rhodes/
War Machine
Don Cheadle
81.6%
Peter Quill/
Star-
Lord
Chris Pratt
81.6%
Vision
Paul Bettany
80.9%
Wanda Maximoff/
Scarlet Witch
Elizabeth Olsen
80.1%
Wong
Benedict Wong
78%
Sam Wilson/
Falcon
Anthony Mackie
77.3%
Teen Groot (voice)
Vin Diesel
77.3%
Nebula
Karen Gillan
71.6%
Drax
Dave Bautista
70.9%
Hint
Answer
% Correct
Rocket (voice)
Bradley Cooper
69.5%
Heimdall
Idris Elba
68.8%
Thanos
Josh Brolin
68.1%
Bus Driver
Stan Lee
62.4%
Pepper Potts
Gwyneth Paltrow
57.4%
Shuri
Letitia Wright
51.1%
Mantis
Pom Klementieff
45.4%
Eitri
Peter Dinklage
44.7%
M'Baku
Winston Duke
41.1%
Taneleer Tivan/
The Collector
Benicio Del Toro
40.4%
Okoye
Danai Gurira
39.7%
On-
Set Rocket
Sean Gunn
29.1%
Secretary of State Thaddeus 'Thunderbolt' E. Ross
William Hurt
27.7%
Proxima Midnight
Carrie Coon
24.1%
Cull Obsidian/
On-
Set Teen Groot
Terry Notary
19.1%
Ebony Maw
Tom Vaughan-Lawlor
14.2%
F.R.I.D.A.Y.
Kerry Condon
14.2%
Ayo
Florence Kasumba
13.5%
Corvus Glaive
Michael James Shaw
12.8%
Quiz Playlist
Details
Report
Send in Message
Add To Playlist
Classic:
Type in answers that appear in a list
Last Updated: Aug 6, 2017
Quiz Scoreboard
CHALLENGE
Sign Up to Join the Scoreboard
Show All
Scores
Hide
Comments
May contain spoilers
Recently Published
One Thing in Common: World Cities II
by knightlancer
Geography
7m
Popular People in 1961
by mucciniale
History
6m
1-10 Letter E Words III
by El_Dandy
Language
2m
More to Explore
Quiz From the Vault
Featured Blog Post
Where Did the Easter Bunny Come From?
hide this ad
You Might Also Like...
Tags
Cast Quiz
War Quiz
Avengers
Infinity
Today's Top Quizzes in Entertainment
Browse Entertainment
hide this ad
Today's Top Quizzes in War
Browse War
Top Contributed Quizzes in Entertainment
1
Kamen Rider Motifs
2
Dragon Ball Z: Goku's Fights in Order
3
Dragon Ball Z: Mega Character Search
4
One Piece Arcs By Order III
5
Survivor Winners Logic Quiz
6
Undead Unluck Minefield
7
Who Wants to Be a Millionaire: Anime Edition
8
Naruto Arcs in order
9
Demon Slayer 11-1
10
Criteria Quickie: Cartoon Taxonomy II
Explore More
Trending Topics
Kpop
NBA
Marvel
Crossword
Disney
Anime
Harry Potter
Soccer
Song
WWE
The Office
NFL
Puzzle
Pokémon
Country
hide this ad
More By:
JediKid
Quiz
Plays
Rating
Category
Featured
Created
Top 100 Harry Potter Characters
2,880
3.17
Entertainment
Sep 1, 2016
Avengers: Infinity War Characters
2,403
1.86
Entertainment
May 19, 2016
Captain America: Civil War Characters by GIFs
1,549
3.42
Movies
May 12, 2016
190 MCU Characters by Screen Time
1,497
3.83
Movies
Apr 20, 2019
X-Men: Days of Future Past Character Posters
1,427
4.45
Entertainment
Jul 29, 2016
Go to Creator's Profile
Score Distribution
Quiz Creator Spotlight
JediKid
Follow
Send a Message
Quizzes Created
-
Created Quiz Play Count
-
More By This Creator
Popular Quizzes Today
1
Find the US States - No Outlines Minefield
2
The Countries of the World
3
Find the Countries of Europe - No Outlines Minefield
4
Popular People in 1961
5
1-10 Letter E Words III
6
Find the US States
7
One Thing in Common: World Cities II
8
US States
More Entertainment Quizzes
Anime Opening Quiz - Advanced Edition
Quiz Lab
Trending Quizzes
Risky Map Clicking: Least Populous States A-Z
1-10 Letter F Words
1-10 Letter G Words
One Thing in Common: United Kingdom
Risky Map Clicking: Next State Alphabetically
Recently Updated
Leaping Animals
pecheneg
Reality TV Shows (A-Z)
bhenderson79
Rickey Henderson's Hall of Fame Teammates
pecheneg
Champions League XIs: Arsenal
pecheneg
Quick Pick: Celebrities in WWE's Hall of Fame
aduchscher
A-Z Keypad Blitz II
pecheneg
Multiple Oscar Actors
pecheneg
Mystery Phrase Blitz: Oscar 'Best Actors'
pecheneg
F. Scott Fitzgerald Novels
LTH
Pick 3 Villains
ddd62291
Trending Topics
Crossword
NBA
Disney
Anime
Marvel
Kpop
Harry Potter
NFL
Pokémon
WWE
The Office
Puzzle
Soccer
Song
Country
Your Account Isn't Verified!
In order to create a playlist on Sporcle, you need to verify the email address you used during registration. Go to your
Sporcle Settings
to finish the process.
Report this User
Report this user for behavior that violates our
Community Guidelines
.
Details:
Send Report
Go to the Sporcle.com Mobile Site →
Comments